| 000 | 01041cam a22002891 4500 | ||
|---|---|---|---|
| 001 | sa 65008990 | ||
| 003 | DLC | ||
| 005 | 20260227112159.0 | ||
| 008 | 720329s1964 ii ac b 100 0 eng | ||
| 010 | _asa 65008990 | ||
| 025 | _aPL480:I-E-3981 | ||
| 035 | _a(OCoLC)272562 | ||
| 040 |
_aDLC _cOAU _dOCoLC _dDLC |
||
| 042 | _apremarc | ||
| 050 | 0 | 0 |
_aGR305 _b.A4 1964 |
| 111 | 2 |
_aAll-India Folklore Conference _n(1st: _d1964: _cCalcutta) |
|
| 245 | 1 | 0 |
_aFolklore research in India; _bofficial proceedings & speeches. _cEdited with an introd. by Sankar Sen Gupta. |
| 260 |
_a[Calcutta, _bReception Committee, All-India Folklore Conference, _c1964] |
||
| 300 |
_axxxi, 122 p. _billus., ports. _c23 cm. |
||
| 490 | 0 |
_aIndian folklore series, _v4 |
|
| 500 | _aSponsored by the Indian Folklore Society. | ||
| 504 | _aBibliographical references included in Introduction. | ||
| 610 | 2 | 0 |
_aIndian Folklore Society _xHistory. |
| 650 | 0 |
_aFolklore _zIndia _vCongresses. |
|
| 700 | 2 |
_aSen Gupta, Sankar, _eed. |
|
| 710 | 2 | _aIndian Folklore Society. | |
| 999 |
_c65983 _d65983 |
||